Angola : Request for An Extended Arrangement Under the Extended Fund Facility-Press Release; and Statement by the Executive Director for Angola.

The Government is implementing a (i) Macroeconomic Stabilization Program, which is focused on strengthening fiscal and debt sustainability; reducing inflation; promoting a more flexible exchange rate regime; improving financial sector stability; and addressing pressures on correspondent banking rela...

Descripció completa

Dades bibliogràfiques
Autor corporatiu: International Monetary Fund. African Dept
Format: Revista
Idioma:English
Publicat: Washington, D.C. : International Monetary Fund, 2018.
Matèries:
Accés en línia:Full text available on IMF
LEADER 01776cas a2200229 a 4500
001 AALejournalIMF022096
008 230101c9999 xx r poo 0 0eng d
020 |c 5.00 USD 
020 |z 9781484391983 
040 |a BD-DhAAL  |c BD-DhAAL 
110 2 |a International Monetary Fund.  |b African Dept. 
240 1 0 |a Angola: Request for An Extended Arrangement Under the Extended Fund Facility-Press Release; and Statement by the Executive Director for Angola.  |l Portuguese 
245 1 0 |a Angola :   |b Request for An Extended Arrangement Under the Extended Fund Facility-Press Release; and Statement by the Executive Director for Angola. 
264 1 |a Washington, D.C. :  |b International Monetary Fund,  |c 2018. 
300 |a 1 online resource (102 pages) 
500 |a <strong>Off-Campus Access:</strong> No User ID or Password Required 
500 |a <strong>On-Campus Access:</strong> No User ID or Password Required 
506 |a Electronic access restricted to authorized BRAC University faculty, staff and students 
520 3 |a The Government is implementing a (i) Macroeconomic Stabilization Program, which is focused on strengthening fiscal and debt sustainability; reducing inflation; promoting a more flexible exchange rate regime; improving financial sector stability; and addressing pressures on correspondent banking relationships; and (ii) National Development Plan for 2018-22 to address structural bottlenecks; and promote human development, public sector reform, economic diversification, and inclusive growth. The authorities also focus on improving governance and fighting corruption. 
538 |a Mode of access: Internet 
651 7 |a Angola  |2 imf 
856 4 0 |z Full text available on IMF  |u http://elibrary.imf.org/view/journals/002/2018/370/002.2018.issue-370-pt.xml  |z IMF e-Library